000 00447cam a22001934a 4500
005 20250605164316.0
008 250528s ||||||||||||||||||||||||d
035 _a22704
020 _a9781412947510
040 _aGR-AtMCL
_bgre
_dGR-AtMCL
_eAACR2
245 1 _aESSENTIAL REPORTING
250 _a1
260 _bSage Publications,
_c2007
300 _a264
700 1 _aSmith Jon
_98428
942 _cBK
999 _c7751
_d7751